Clients' value systems: a scoping study. (Record no. 94279)

MARC details
000 -LEADER
fixed length control field 01114cam a2200373 4500
008 - FIXED-LENGTH DATA ELEMENTS--GENERAL INFORMATION
fixed length control field 090401t1994 xxu||||| |||| 00| 0 eng d
020 ## - INTERNATIONAL STANDARD BOOK NUMBER
International Standard Book Number 0854066675
035 ## - SYSTEM CONTROL NUMBER
System control number (Sirsi) u60998
041 ## - LANGUAGE CODE
Language code of text/sound track or separate title eng
050 ## - LIBRARY OF CONGRESS CALL NUMBER
Classification number 692.5023
090 ## - LOCALLY ASSIGNED LC-TYPE CALL NUMBER (OCLC); LOCAL CALL NUMBER (RLIN)
Classification number (OCLC) (R) ; Classification number, CALL (RLIN) (NR) RICS 1994/68ABCD
100 ## - MAIN ENTRY--PERSONAL NAME
Personal name Keel, David.
245 ## - TITLE STATEMENT
Title Clients' value systems: a scoping study.
260 ## - PUBLICATION, DISTRIBUTION, ETC.
Place of publication, distribution, etc. London
Name of publisher, distributor, etc. RICS
Date of publication, distribution, etc. 1994
300 ## - PHYSICAL DESCRIPTION
Extent 51p. : 30cm.
350 ## - PRICE (NR) (BK AM CF MU VM SE) [OBSOLETE]
Price 9.95
520 ## - SUMMARY, ETC.
Summary, etc. Leeds Metropolitan University and E.C. Harris commissioned by RICS to undertake this study.
650 ## - SUBJECT ADDED ENTRY--TOPICAL TERM
Topical term or geographic name entry element ASSESSMENTS
650 ## - SUBJECT ADDED ENTRY--TOPICAL TERM
Topical term or geographic name entry element CLIENT REQUIREMENTS
650 ## - SUBJECT ADDED ENTRY--TOPICAL TERM
Topical term or geographic name entry element CLIENT SATISFACTION
650 ## - SUBJECT ADDED ENTRY--TOPICAL TERM
Topical term or geographic name entry element CLIENT VALUE SYSTEMS
650 ## - SUBJECT ADDED ENTRY--TOPICAL TERM
Topical term or geographic name entry element PERFORMANCE
650 ## - SUBJECT ADDED ENTRY--TOPICAL TERM
Topical term or geographic name entry element BUILT ENVIRONMENT-QUANTITY SURVEYING
650 ## - SUBJECT ADDED ENTRY--TOPICAL TERM
Topical term or geographic name entry element VALUE SYSTEMS
690 ## - LOCAL SUBJECT ADDED ENTRY--TOPICAL TERM (OCLC, RLIN)
Topical term or geographic name as entry element Quantity surveying
9 (RLIN) 6263
700 ## - ADDED ENTRY--PERSONAL NAME
Personal name Douglas, Ian.
700 ## - ADDED ENTRY--PERSONAL NAME
Personal name Coleman, Michael
700 ## - ADDED ENTRY--PERSONAL NAME
Personal name Brooks, Keith.
710 ## - ADDED ENTRY--CORPORATE NAME
Corporate name or jurisdiction name as entry element Royal Institution of Chartered Surveyors
9 (RLIN) 4900
710 ## - ADDED ENTRY--CORPORATE NAME
Corporate name or jurisdiction name as entry element Leeds Metropolitan University.
9 (RLIN) 1677
710 ## - ADDED ENTRY--CORPORATE NAME
Corporate name or jurisdiction name as entry element E.C. Harris and Partners
9 (RLIN) 2138
942 ## - ADDED ENTRY ELEMENTS (KOHA)
Suppress in OPAC 0
948 ## - LOCAL PROCESSING INFORMATION (OCLC); SERIES PART DESIGNATOR (RLIN)
c (OCLC) 04/03/1997
Holdings
Withdrawn status Lost status Source of classification or shelving scheme Damaged status Not for loan Home library Current library Shelving location Date acquired Cost, normal purchase price Total Checkouts Full call number Barcode Date last seen Copy number Cost, replacement price Price effective from Koha item type
    Dewey Decimal Classification     London London RICS Boxes 05/01/1995 9.95   RICS 1994/68 30048216 06/08/2019 1 9.95 06/08/2019 Archive
    Dewey Decimal Classification     London London RICS Boxes 05/01/1995 9.95   RICS 1994/68 30048217 06/08/2019 2 9.95 06/08/2019 Reference material
    Dewey Decimal Classification     London London RICS Boxes 25/04/2008     RICS 1994/68 30074630 06/08/2019 5   06/08/2019 Book